|
|
|
|
| LEADER |
01414nam a2200385Ia 4500 |
| 001 |
EBC996625 |
| 003 |
MiAaPQ |
| 005 |
20200520144314.0 |
| 006 |
m o d | |
| 007 |
cr cn||||||||| |
| 008 |
061221s2007 caua sb 001 0 eng d |
| 010 |
|
|
|z 2006102717
|
| 020 |
|
|
|z 0761988513
|
| 020 |
|
|
|z 9780761988519
|
| 035 |
|
|
|a (MiAaPQ)EBC996625
|
| 035 |
|
|
|a (Au-PeEL)EBL996625
|
| 035 |
|
|
|a (CaPaEBR)ebr10501917
|
| 035 |
|
|
|a (CaONFJC)MIL673110
|
| 035 |
|
|
|a (OCoLC)809772257
|
| 040 |
|
|
|a MiAaPQ
|c MiAaPQ
|d MiAaPQ
|
| 050 |
|
4 |
|a HD49
|b .I59 2007
|
| 082 |
0 |
4 |
|a 658.4/056
|2 22
|
| 245 |
0 |
0 |
|a International handbook of organizational crisis management
|h [electronic resource] /
|c Christine M. Pearson, Christophe Roux-Dufort, Judith A. Clair, editors.
|
| 260 |
|
|
|a Los Angeles :
|b SAGE Publications,
|c c2007.
|
| 300 |
|
|
|a xi, 354 p. :
|b ill.
|
| 504 |
|
|
|a Includes bibliographical references and indexes.
|
| 533 |
|
|
|a Electronic reproduction. Ann Arbor, MI : ProQuest, 2015. Available via World Wide Web. Access may be limited to ProQuest affiliated libraries.
|
| 650 |
|
0 |
|a Crisis management.
|
| 650 |
|
0 |
|a Industrial management.
|
| 655 |
|
4 |
|a Electronic books.
|
| 700 |
1 |
|
|a Pearson, Christine M.
|
| 700 |
1 |
|
|a Roux-Dufort, Christophe.
|
| 700 |
1 |
|
|a Clair, Judith.
|
| 710 |
2 |
|
|a ProQuest (Firm)
|
| 856 |
4 |
0 |
|u https://ebookcentral.proquest.com/lib/matrademy/detail.action?docID=996625
|z Click to View
|